00499 2200193 4500001002100000005001500021035002000036245007600056100000800132250000600140300002300146700001900169260003600188082000800224084001400232020002200246600002000268990001700288INLIS00000000000171720241024090648 a0010-10240000151 aSeri Komik Islami :bpengen jadi baik 10 /cSqu, Layout; Muhammad Fadli0 aSqu a- a157 hlm. ;c23 cm.0 aMuhammad Fadli a[ s.i ] :bWake Up Early,c2024 a813 a813 SQU s a978-602-1258-93-4 4aFiksi Indonesia a05307/P/2024